Čo stojí v ceste manipulátorov Vo Vihorlate Snina sa usilujú rozšíriť export pre Sovietsky zväz

Bibliographic Details
Main Author: Markovič, Ján (Author)
Format: Article
Language:Slovak
Subjects:

MARC

LEADER 00000nab a2200000 a 4500
001 vtls000159985
003 SK-MaSNL
005 20260304235825.0
008 111104c1983 xo 0 slo
015 |a SNBRB19rr/mm-uuuuu 
035 |a CL0170095 
040 |a SNKBUCL  |b slo  |c SNKBUCL  |e AACR2 
041 0 |a slo 
044 |a xo  |c SK 
080 |a 621  |2 1981 
100 1 |a Markovič, Ján  |4 aut  |9 423021 
245 1 0 |a Čo stojí v ceste manipulátorov  |b Vo Vihorlate Snina sa usilujú rozšíriť export pre Sovietsky zväz  |c Ján Markovič 
610 2 7 |a Vihorlat (Snina, Slovensko)  |2 snkbucl  |9 34231 
650 0 7 |a strojárstvo  |2 snkbucl  |9 674 
651 7 |a 5402  |2 snkbucl  |9 366935 
655 7 |a články z novín a časopisov  |2 snkbucl  |9 267496 
773 0 |t Pravda  |g Roč. 64, č. 224 (22. 9. 1983), s. 6 
850 |a Slovenská národná knižnica v Martine  |a MTA001 
852 |a SNK  |b KIS3GCP 
958 |a RK 
992 |a RBX 
999 |c 3210738  |d 3212668